[Event "17.Città di Padova Open A"]
[Site "Padova"]
[Date "2014.12.18"]
[Round "6.33"]
[White "Ballarin, Gabriele"]
[Black "Antoniacci, Riccardo"]
[Result "1/2-1/2"]
[WhiteElo "1946"]
[BlackElo "1843"]
[Annotator "Gabriele Ballarin"]
[PlyCount "205"]
[EventDate "2014.12.14"]
[EventType "swiss"]
[EventRounds "9"]
[EventCountry "ITA"]

{[%mdl 8192] B23: Siciliana Chiusa: linee senza g3} 1. e4 c5 2. Nc3 Nc6 3. f4 g6 4. Bb5 Nd4 5. Nf3 Nxb5 6. Nxb5 Bg7 7. O-O Nf6 8. d3 d6 9. h3 ({la teoria consiglia} 9. e5 {[%emt 0:00:00]} dxe5 {[%emt 0:00:00]} 10. fxe5 {[%emt 0:00:00]} Nd5 {[%emt 0:00:00]} 11. Qe1 {[%emt 0:00:00]} O-O {[%emt 0:00:00]} 12. Qh4 {[%emt 0:00:02]} Qd7 {[%emt 0:00:01]} 13. Nc3 {[%emt 0:00:34]}) (9. Qe1 {[%emt 0:00:00] oppure} O-O {[%emt 0:00:00]} 10. Qh4 {[%emt 0:00:21]} a6 {[%emt 0:00:01]} 11. Nc3 {[%emt 0:00:01]} e6 {[%emt 0:00:01]} 12. f5 {[%emt 0:00:02]} Nd7 {[%emt 0:00:01]} 13. Bg5 {[%emt 0:00:01]} f6 {[%emt 0:00:05]} 14. fxe6 {[%emt 0:00:01]} Nb6 {[%emt 0:00:06]} 15. Bh6 {[%emt 0:00:02]} Bxe6 {[%emt 0:00:01]} 16. Bxg7 {[%emt 0:00:03]} Kxg7 {[%emt 0:00:00]} 17. Rae1 {[%emt 0:00:01]} Nd7 {[%emt 0:00:04]} 18. Qg3 {[%emt 0:00:03]} Ne5 {[%emt 0:00:06]}) 9... Bd7 10. a4 a6 11. Nc3 Bc6 12. Qe1 O-O 13. Qh4 (13. a5 Qd7 $11) 13... e6 14. g4 {[%cal Yf4f5] Il Bianco progetta f5} (14. Be3 Nd7 15. Qxd8 Rfxd8 $15) 14... Nd7 15. Qg3 Qe7 (15... c4 16. d4 Nf6 17. Re1 $15) 16. f5 $15 Ne5 17. Nh4 g5 18. Ng2 (18. Nf3 h6 $15) 18... Bf6 (18... b5 19. Qf2 Nd7 20. axb5 axb5 21. Rxa8 Rxa8 22. Ne2 $17) 19. Bd2 (19. a5 Rad8 $15) 19... Kg7 (19... b5 $142 $5 $17) 20. Ne3 $11 b5 (20... Kh8 $142 $5 $11) 21. fxe6 $14 fxe6 22. Ncd5 Bxd5 23. exd5 b4 24. dxe6 Qxe6 25. Nf5+ Kh8 26. Rae1 Qd5 27. b3 Nf7 28. Qg2 Qxg2+ 29. Kxg2 Be5 30. Rf3 h6 31. Ref1 Bg7 32. Ne7 (32. d4 Rae8 $16) 32... Ne5 33. Rxf8+ Rxf8 34. Rxf8+ Bxf8 35. Nd5 Nc6 36. Be3 Bg7 (36... Kg7 $5 $16) 37. Nc7 $18 a5 38. Nb5 (38. Kf3 Kg8 39. Ke4 Be5 $18) 38... Be5 (38... Bf8 39. Kf3 d5 40. Bf2 $16) 39. Kf3 Kg7 40. Ke4 Kf6 41. Nc7 ({non volevo entrare nella variante} 41. Kd5 Ne7+ 42. Kc4 Bf4 43. Bxf4 gxf4 44. Nxd6 Kg5 45. Ne4+ Kh4 $14) 41... Bh2 (41... Bd4 $5 42. Bxd4+ Nxd4 $11) 42. Bc1 Be5 43. Nd5+ (43. Kd5 $142 $5 Nd4 44. Bb2 Nxc2 45. Bxe5+ dxe5 46. Na6 $16) 43... Ke6 44. Be3 Bd4 45. Bc1 Ne5 46. Nc7+ Kf7 $2 (46... Kd7 $142 47. Nb5 Nc6 $11) 47. Nb5 $18 Ke6 48. Nxd4+ cxd4 49. Kxd4 ({avevo visto} 49. Bb2 {[%emt 0:00:00]} d5+ {[%emt 0:00:00]} (49... Nc6 {[%emt 0:00:23]} 50. Bxd4 {[%emt 0:00:00]} d5+ {[%emt 0:00:06]} 51. Ke3 {[%emt 0:00:01]} Kf7 {[%emt 0:00:01]} 52. Bc5 {[%emt 0:00:02]} Kg6 {[%emt 0:00:01]} 53. d4 {[%emt 0:00:06]} Kf6 {[%emt 0:00:01]} 54. Ke2 {[%emt 0:00:01]} Kf7 {[%emt 0:00:01]} 55. Kd3 {[%emt 0:00:01]} h5 {[%emt 0:00:01]} 56. c3 {[%emt 0:00:01]} hxg4 {[%emt 0:00:01]} 57. hxg4 {[%emt 0:00:01]} bxc3 {[%emt 0:00:01]} 58. Kxc3 {[%emt 0:00:01]} Ke6 {[%emt 0:00:01]} 59. Ba3 {[%emt 0:00:01]} Kf7 {[%emt 0:00:01]} 60. b4 {[%emt 0:00:01]} axb4+ {[%emt 0:00:01]} 61. Bxb4 {[%emt 0:00:01]} Ke8 {[%emt 0:00:01]} 62. Ba3 {[%emt 0:00:01]} Kf7 {[%emt 0:00:01]} 63. Bc5 {[%emt 0:00:01]} Ke6 {[%emt 0:00:01]} 64. Bb6 {[%emt 0:00:01]} Kd7 {[%emt 0:00:01]} 65. a5 {[%emt 0:00:00]} Kc8 {[%emt 0:00:01]} 66. a6 {[%emt 0:00:01]} Kb8 {[%emt 0:00:01]} 67. Kb3 {[%emt 0:00:01]} Ne7 {[%emt 0:00:01]} 68. Bd8 {[%emt 0:00:01]} Nc6 {[%emt 0:00:01]} 69. Bxg5 {[%emt 0:00:01]} Nxd4+ {[%emt 0:00:01]} 70. Kc3 {[%emt 0:00:01]} Ne6 {[%emt 0:00:01]} 71. Be3 {[%emt 0:00:01]} Kc7 {[%emt 0:00:01]} 72. Ba7 {[%emt 0:00:01]} Kd6 {[%emt 0:00:01]} 73. Bd4 {[%emt 0:00:01]} Kc6 {[%emt 0:00:01]} 74. Kd3 {[%emt 0:00:01]} Ng5 {[%emt 0:00:01]} 75. Be3 {[%emt 0:00:01]} Ne6 {[%emt 0:00:01]} 76. Bf2 {[%emt 0:00:01]} Nf4+ {[%emt 0:00:01]} 77. Kd4 {[%emt 0:00:00]} Ne6+ {[%emt 0:00:01]} 78. Ke5 {[%emt 0:00:01]} Ng5 {[%emt 0:00:01]} 79. a7 {[%emt 0:00:00]} Kb7 {[%emt 0:00:01]} 80. Kxd5 {[%emt 0:00:00]} Ka8 {[%emt 0:00:00]} 81. Ke5 {[%emt 0:00:00]}) 50. Kxd4 {[%emt 0:00:00]} Nf3+ {[%emt 0:00:02]} 51. Kc5 {[%emt 0:00:08]} Ne1 {[%emt 0:00:01]} (51... Ng1 {[%emt 0:00:00]} 52. Kb5 {[%emt 0:00:04]} Nxh3 {[%emt 0:00:12]} 53. Bd4 {[%emt 0:00:01]} Nf4 {[%emt 0:00:01]} 54. Kxa5 {[%emt 0:00:01]} Kd6 {[%emt 0:00:01]} 55. Kb5 {[%emt 0:00:00]} h5 {[%emt 0:00:01]} 56. gxh5 {[%emt 0:00:01]})) 49... Nf3+ $2 (49... Kd7 $18) 50. Kc4 (50. Ke4 {[%emt 0:00:00]} Ne1 {[%emt 0:00:18]} (50... Ng1 {[%emt 0:00:00]} 51. Bb2 {[%emt 0:00:16]} Nxh3 {[%emt 0:00:03]} 52. Bg7 {[%emt 0:00:03]} d5+ {[%emt 0:00:02]} 53. Ke3 {[%emt 0:00:01]} Nf4 {[%emt 0:00:02]} 54. Bxh6 {[%emt 0:00:02]} Ng2+ {[%emt 0:00:02]} 55. Kd4 {[%emt 0:00:01]} Kf6 {[%emt 0:00:01]} 56. Bf8 {[%emt 0:00:01]} Kf7 {[%emt 0:00:01]} 57. Bc5 {[%emt 0:00:03]} Ne1 {[%emt 0:00:01]} 58. Bb6 {[%emt 0:00:01]} Ke6 {[%emt 0:00:01]} 59. Bxa5 {[%emt 0:00:01]} Nxc2+ {[%emt 0:00:01]} 60. Kc5 {[%emt 0:00:00]} Ne1 {[%emt 0:00:01]} 61. d4 {[%emt 0:00:01]} Nd3+ {[%emt 0:00:01]} 62. Kb5 {[%emt 0:00:01]} Kd7 {[%emt 0:00:02]} 63. Bxb4 {[%emt 0:00:01]} Kd8 {[%emt 0:00:01]} 64. a5 {[%emt 0:00:01]} Nf4 {[%emt 0:00:01]} 65. Bd6 {[%emt 0:00:01]}) 51. c4 {[%emt 0:00:02]} bxc3 {[%emt 0:00:01]} 52. Kd4 {[%emt 0:00:02]} c2 {[%emt 0:00:02]} 53. Kc3 {[%emt 0:00:02]} Nf3 {[%emt 0:00:01]} 54. Kxc2 {[%emt 0:00:01]} Nd4+ {[%emt 0:00:04]} 55. Kb2 {[%emt 0:00:01]} Ke5 {[%emt 0:00:06]} 56. Kc3 {[%emt 0:00:02]} Kd5 {[%emt 0:00:01]} 57. Bd2 {[%emt 0:00:02]} Nc6 {[%emt 0:00:02]} 58. Be1 {[%emt 0:00:01]} Kc5 {[%emt 0:00:02]} 59. Bf2+ {[%emt 0:00:01]} Kd5 {[%emt 0:00:02]} 60. Bb6 {[%emt 0:00:07]} Ke6 {[%emt 0:00:04]} 61. Kc4 {[%emt 0:00:01]} Ne5+ {[%emt 0:00:01]} 62. Kb5 {[%emt 0:00:04]} Nxd3 {[%emt 0:00:01]} 63. Kxa5 {[%emt 0:00:02]} Nc1 {[%emt 0:00:02]}) 50... Ng1 51. Kb5 (51. h4 {[%emt 0:00:00]} gxh4 {[%emt 0:00:13]} 52. Bxh6 {[%emt 0:00:12]} Ne2 {[%emt 0:00:02]}) 51... Nxh3 52. Be3 Nf4 53. Kxa5 Nd5 54. Bd4 Nf6 {Gallo mi ha duramente e giustamente criticato per la prossima mossa secondo lui e ha ragione concettualmente errato dare l'alfiere sul cavallo} 55. Bxf6 {?} (55. Kb5 {[%emt 0:00:00]} Nxg4 {[%emt 0:00:08]} 56. a5 {[%emt 0:00:02]} Kd7 {[%emt 0:00:03]}) (55. Kb6 {[%emt 0:00:00]} Nd7+ {[%emt 0:00:26]} 56. Kb7 {[%emt 0:00:09]} Kd5 {[%emt 0:00:18]} 57. Bf2 {[%emt 0:00:23]} Nf6 {[%emt 0:00:15]} 58. a5 {[%emt 0:00:03]} Nxg4 {[%emt 0:00:10]} 59. a6 {[%emt 0:00:15]} Nxf2 {[%emt 0:00:46]} 60. a7 {[%emt 0:00:04]}) 55... Kxf6 56. Kxb4 h5 {così si giunge a Donna un tempo prima} 57. a5 (57. gxh5 $142 g4 58. a5 $18 {io non riuscivo in partita a calcolare bene è vero che così ho un pedone in più ma il nero va a donna per primo e ha l'iniziativa ero convinto che avesse un perpetuo invece era migliore e Redo non avrebbe avuto dubbi} g3 {[%emt 0:00:00]} 59. a6 {[%emt 0:00:03]} g2 {[%emt 0:00:01]} 60. a7 {[%emt 0:00:01]} g1=Q {[%emt 0:00:03]} 61. a8=Q {[%emt 0:00:01]} Qc5+ {[%emt 0:00:05]} 62. Ka4 {[%emt 0:00:00]} Qxh5 {[%emt 0:00:01]} (62... Qd4+ {[%emt 0:00:00]} 63. Kb5 {[%emt 0:00:12]} Qc5+ {[%emt 0:00:03]} 64. Ka6 {[%emt 0:00:14]} Qxc2 {[%emt 0:00:01]} 65. Qf3+ {[%emt 0:00:02]} Kg7 {[%emt 0:00:02]} 66. Qd5 {[%emt 0:00:01]} Kh8 {[%emt 0:00:02]} 67. Qd4+ {[%emt 0:00:01]} Kh7 {[%emt 0:00:04]} 68. Qe4+ {[%emt 0:00:02]} Kh8 {[%emt 0:00:02]} 69. b4 {[%emt 0:00:01]} d5 {[%emt 0:00:02]} 70. Qe5+ {[%emt 0:00:01]} Kh7 {[%emt 0:00:02]} 71. Qxd5 {[%emt 0:00:02]} Qa4+ {[%emt 0:00:02]} 72. Qa5 {[%emt 0:00:01]} Qd7 {[%emt 0:00:02]} 73. Qb5 {[%emt 0:00:01]} Qh3 {[%emt 0:00:02]}) 63. Qd8+ {[%emt 0:00:01]} Ke6 {[%emt 0:00:01]} 64. Qc8+ {[%emt 0:00:01]} Ke7 {[%emt 0:00:01]} 65. b4 {[%emt 0:00:01]} Qh1 {[%emt 0:00:01]} 66. Qc7+ {[%emt 0:00:01]} Ke6 {[%emt 0:00:01]} 67. b5 {[%emt 0:00:01]} Qa1+ {[%emt 0:00:02]} 68. Kb4 {[%emt 0:00:01]} Qb1+ {[%emt 0:00:01]} 69. Ka5 {[%emt 0:00:03]} Qa1+ {[%emt 0:00:03]} 70. Kb6 {[%emt 0:00:06]}) 57... hxg4 $16 58. a6 g3 59. a7 g2 60. a8=Q g1=Q 61. Qf8+ Ke6 62. Qc8+ Ke7 63. Qc7+ Ke6 64. Qc8+ Ke7 65. Qb7+ Ke6 66. Qe4+ {qui esausto mi sono accontentato ma come dimostra l'amico Fritz il Bianco vince. Peccato} Kf6 {[%emt 0:00:34]} 67. Kc3 {[%emt 0:00:19]} Qc5+ {[%emt 0:00:03]} 68. Kd2 {[%emt 0:00:03]} Qf2+ {[%emt 0:00:06]} 69. Qe2 {[%emt 0:00:04]} Qf4+ {[%emt 0:00:02]} 70. Ke1 {[%emt 0:00:02]} Qb4+ {[%emt 0:00:02]} 71. Qd2 {[%emt 0:00:01]} Qa3 {[%emt 0:00:01]} 72. Qc3+ {[%emt 0:00:01]} Kg6 {[%emt 0:00:01]} 73. Qc6 {[%emt 0:00:03]} g4 {[%emt 0:00:01]} 74. Kf2 {[%emt 0:00:02]} Kg5 {[%emt 0:00:02]} 75. Kg3 {[%emt 0:00:01]} Qa5 {[%emt 0:00:02]} 76. Qe4 {[%emt 0:00:02]} d5 {[%emt 0:00:01]} 77. Qe5+ {[%emt 0:00:01]} Kg6 {[%emt 0:00:03]} 78. c4 {[%emt 0:00:01]} Qc5 {[%emt 0:00:03]} 79. Qxd5 {[%emt 0:00:01]} Qg1+ {[%emt 0:00:03]} 80. Qg2 {[%emt 0:00:01]} Qb1 {[%emt 0:00:02]} 81. Kxg4 {[%emt 0:00:03]} Qxb3 {[%emt 0:00:03]} 82. Kf4+ {[%emt 0:00:03]} Kf7 {[%emt 0:00:02]} 83. Qd5+ {[%emt 0:00:01]} Ke7 {[%emt 0:00:02]} 84. Qe5+ {[%emt 0:00:01]} Kd8 {[%emt 0:00:03]} 85. Qg5+ {[%emt 0:00:01]} Kc7 {[%emt 0:00:01]} 86. Qc5+ {[%emt 0:00:01]} Kd8 {[%emt 0:00:02]} 87. Ke5 {[%emt 0:00:01]} Qd1 {[%emt 0:00:04]} 88. Qd4+ {[%emt 0:00:01]} Kc7 {[%emt 0:00:01]} 89. Ke6 {[%emt 0:00:01]} Qh1 {[%emt 0:00:02]} 90. Qd7+ {[%emt 0:00:01]} Kb8 {[%emt 0:00:01]} 91. Qd8+ {[%emt 0:00:01]} Ka7 {[%emt 0:00:03]} 92. Kd7 {[%emt 0:00:01]} Qg1 {[%emt 0:00:02]} 93. Kc6 {[%emt 0:00:01]} Qg2+ {[%emt 0:00:04]} 94. Qd5 {[%emt 0:00:02]} Qg6+ {[%emt 0:00:03]} 95. Qd6 {[%emt 0:00:01]} Qg2+ {[%emt 0:00:03]} 96. Kd7 {[%emt 0:00:02]} Qb2 {[%emt 0:00:02]} 97. d4 {[%emt 0:00:01]} Qb1 {[%emt 0:00:04]} 98. Qc5+ {[%emt 0:00:01]} Ka6 {[%emt 0:00:03]} 99. Qb5+ {[%emt 0:00:01]} Qxb5+ {[%emt 0:00:03]} 100. cxb5+ {[%emt 0:00:03]} Kb7 {[%emt 0:00:02]} 101. d5 {[%emt 0:00:06]} Kb6 {[%emt 0:00:00]} 102. d6 {[%emt 0:00:01]} Kxb5 {[%emt 0:00:00]} 103. Kc7 {[%emt 0:00:01]} 1/2-1/2

[Event "17.Città di Padova Open A"]
[Site "Padova"]
[Date "2014.12.18"]
[Round "6.34"]
[White "Favero, Graziano"]
[Black "Bordignon, Angelo"]
[Result "1/2-1/2"]
[WhiteElo "1834"]
[BlackElo "1808"]
[Annotator "Gabriele Ballarin"]
[PlyCount "52"]
[EventDate "2014.12.14"]
[EventType "swiss"]
[EventRounds "9"]
[EventCountry "ITA"]

1. e4 g6 2. d4 Bg7 3. Nc3 d6 4. Be2 a6 5. a4 b6 6. Be3 Bb7 7. Qd2 h6 8. h4 Nd7 9. f4 e6 10. Bf3 Qe7 11. O-O-O b5 12. e5 d5 13. a5 Rc8 14. Qf2 Qb4 15. h5 Ne7 16. hxg6 fxg6 17. Qg3 Nf8 18. Qh3 Qxa5 19. g4 b4 20. Nb1 Qb6 21. Ne2 Rb8 22. Ng3 Bc8 23. Rhe1 b3 24. c3 c6 25. Be2 a5 26. Bd3 Kd8 1/2-1/2

[Event "17.Città di Padova Open A"]
[Site "Padova"]
[Date "2014.12.18"]
[Round "6.35"]
[White "Zangrando, Gianpietro"]
[Black "Pompili, Ugo"]
[Result "0-1"]
[WhiteElo "1867"]
[BlackElo "1841"]
[Annotator "Gabriele Ballarin"]
[PlyCount "93"]
[EventDate "2014.12.14"]
[EventType "swiss"]
[EventRounds "9"]
[EventCountry "ITA"]

1. Nf3 d6 2. g3 e5 3. Bg2 c6 4. O-O Be7 5. c4 Nd7 6. Nc3 Ngf6 7. d4 Qc7 8. b3 O-O 9. Bb2 Rb8 10. Rc1 b6 11. Qc2 Bb7 12. Qb1 a6 13. Qa1 c5 14. dxe5 dxe5 15. Rcd1 Rfd8 16. Nd5 Nxd5 17. cxd5 Bd6 18. Ng5 h6 19. Ne4 f6 20. Nd2 b5 21. e4 Rf8 22. Bh3 Bc8 23. Nf3 g5 24. Be6+ Kg7 25. Rd2 Nb6 26. Bxc8 Rbxc8 27. Rc2 Qe7 28. Rfc1 Nd7 29. a4 Ra8 30. Ba3 b4 31. Bb2 a5 32. Nd2 Nb6 33. Nf1 f5 34. f4 Nd7 35. exf5 Rxf5 36. Ne3 Rf7 37. Nc4 gxf4 38. gxf4 Rxf4 39. Rg2+ Kh8 40. Re1 Rf5 41. Qc1 Rf6 42. Rge2 Raf8 43. Nxa5 Qg7+ 44. Rg2 Rg6 45. Rxg6 Qxg6+ 46. Kh1 Rf2 47. Rg1 0-1

[Event "17.Città di Padova Open A"]
[Site "Padova"]
[Date "2014.12.19"]
[Round "7.7"]
[White "Bruno, Fabio"]
[Black "Laketic, Gojko"]
[Result "1/2-1/2"]
[WhiteElo "2437"]
[BlackElo "2389"]
[Annotator "Gabriele Ballarin"]
[PlyCount "33"]
[EventDate "2014.12.14"]
[EventType "swiss"]
[EventRounds "9"]
[EventCountry "ITA"]

1. d4 Nf6 2. Nf3 e6 3. e3 b6 4. Bd3 Bb7 5. Nbd2 c5 6. c3 cxd4 7. exd4 Be7 8. O-O d6 9. Qe2 O-O 10. a4 a6 11. Ng5 Re8 12. f4 Bf8 13. Ndf3 g6 14. Bd2 Bg7 15. Rae1 Re7 (15... Ra7 16. Qf2 Bc6 17. b3 {½-½ (17) Bruno,F-Laketic,G Padova 2014}) 16. Qf2 Bc6 17. b3 1/2-1/2

[Event "17.Città di Padova Open A"]
[Site "Padova"]
[Date "2014.12.19"]
[Round "7.13"]
[White "Valsecchi, Alessio"]
[Black "Lanzani, Mario"]
[Result "1-0"]
[WhiteElo "2432"]
[BlackElo "2302"]
[Annotator "Gabriele Ballarin"]
[PlyCount "23"]
[EventDate "2014.12.14"]
[EventType "swiss"]
[EventRounds "9"]
[EventCountry "ITA"]

1. e4 e5 2. d4 exd4 3. Qxd4 Nc6 4. Qe3 Nf6 5. Nc3 Bb4 6. Bd2 O-O 7. O-O-O Re8 8. Qg3 Bxc3 9. Bxc3 Rxe4 10. Bd3 Ra4 11. Re1 g6 12. Qg5 1-0

[Event "17.Città di Padova Open A"]
[Site "Padova"]
[Date "2014.12.19"]
[Round "7.14"]
[White "Dimitrijeski, Boris"]
[Black "Moroni, Luca Jr"]
[Result "1/2-1/2"]
[WhiteElo "2251"]
[BlackElo "2321"]
[Annotator "Gabriele Ballarin"]
[PlyCount "90"]
[EventDate "2014.12.14"]
[EventType "swiss"]
[EventRounds "9"]
[EventCountry "ITA"]

1. d4 d5 2. c4 e6 3. Nf3 Nf6 4. g3 dxc4 5. Bg2 Bb4+ 6. Bd2 c5 7. Qc1 Bxd2+ 8. Nbxd2 cxd4 9. Nxc4 Nc6 10. O-O Qe7 11. Qf4 Nd5 12. Qd2 O-O 13. Nxd4 Nxd4 14. Qxd4 Rd8 15. Rfd1 Bd7 16. e4 Nc7 17. Qd6 Qxd6 18. Rxd6 Nb5 19. Rd2 Bc6 20. Rad1 Rxd2 21. Rxd2 Kf8 22. e5 Bxg2 23. Kxg2 Rc8 24. b3 Ke7 25. a4 Nc3 26. Nd6 Rc7 27. Rc2 $11 b6 28. f4 f6 29. Nc4 Nd5 30. exf6+ gxf6 31. Kf3 Nb4 32. Rd2 Rc6 33. g4 a6 34. g5 b5 35. axb5 axb5 36. gxf6+ Kxf6 37. Nd6 Rc3+ 38. Kg4 Rxb3 39. Nxb5 Nd5 40. Nd4 Rb4 41. Kf3 Ra4 42. Rd3 Ra1 43. Ne2 Rf1+ 44. Kg3 Re1 45. Rd2 Ra1 1/2-1/2

[Event "17.Città di Padova Open A"]
[Site "Padova"]
[Date "2014.12.19"]
[Round "7.15"]
[White "Petkov, Vladimir"]
[Black "Marguerettaz, Davy"]
[Result "1-0"]
[WhiteElo "2525"]
[BlackElo "2223"]
[Annotator "Gabriele Ballarin"]
[PlyCount "47"]
[EventDate "2014.12.14"]
[EventType "swiss"]
[EventRounds "9"]
[EventCountry "ITA"]

1. d4 d5 2. c4 c6 3. Nf3 Nf6 4. Nc3 dxc4 5. a4 Na6 6. e4 Bg4 7. Bxc4 e6 8. Be3 Nb4 9. Be2 Be7 10. a5 O-O 11. O-O Rc8 12. Qb3 Qc7 13. Rfd1 a6 14. Ra4 c5 15. dxc5 Nc6 16. Qc2 Nxa5 17. e5 Bf5 18. Bd3 Ng4 19. Bxf5 exf5 20. Nd5 Nxe3 21. fxe3 Qd8 22. Rxa5 Qxa5 23. Nxe7+ Kh8 24. Nxc8 1-0

[Event "17.Città di Padova Open A"]
[Site "Padova"]
[Date "2014.12.19"]
[Round "7.16"]
[White "Mrdja, Milan"]
[Black "Fregonese, Giulio"]
[Result "1-0"]
[WhiteElo "2383"]
[BlackElo "2129"]
[Annotator "Gabriele Ballarin"]
[PlyCount "96"]
[EventDate "2014.12.14"]
[EventType "swiss"]
[EventRounds "9"]
[EventCountry "ITA"]

1. e4 e5 2. Nf3 Nc6 3. Bb5 f5 4. Nc3 fxe4 5. Nxe4 Nf6 6. Nxf6+ Qxf6 7. O-O Nd4 8. Nxd4 exd4 9. Re1+ Be7 10. Qe2 c6 11. Bd3 Kf7 12. b3 g6 13. Bb2 Bc5 14. Bxg6+ Kxg6 15. Qg4+ Kh6 16. d3 Qg6 17. Qh4+ Kg7 18. Re5 d5 19. Rg5 Bf5 20. Bxd4+ Bxd4 21. Qxd4+ Kf7 22. Rxg6 hxg6 23. Qf4 Kg8 24. Re1 Rh7 25. f3 Rf8 26. Qg5 Rg7 27. Re5 Kh7 28. h4 Bc8 29. h5 gxh5 30. Qxh5+ Kg8 31. Re8 Bd7 32. Rxf8+ Kxf8 33. Qh6 Kg8 34. Kf2 a6 35. g4 Bc8 36. d4 Bd7 37. c4 dxc4 38. bxc4 Be8 39. Qe6+ Kf8 40. Qd6+ Kg8 41. Kg3 Rd7 42. Qe6+ Kf8 43. f4 Re7 44. Qh6+ Kg8 45. f5 Rf7 46. Qe6 Bd7 47. Qd6 Kg7 48. Kf4 Rf8 1-0

[Event "17.Città di Padova Open A"]
[Site "Padova"]
[Date "2014.12.19"]
[Round "7.18"]
[White "Boscolo, Federico Meneguolo"]
[Black "Goossens, Hanne"]
[Result "1-0"]
[WhiteElo "2303"]
[BlackElo "2090"]
[Annotator "Gabriele Ballarin"]
[PlyCount "75"]
[EventDate "2014.12.14"]
[EventType "swiss"]
[EventRounds "9"]
[EventCountry "ITA"]

1. e4 c5 2. Nf3 d6 3. Bb5+ Nc6 4. O-O Bd7 5. Re1 a6 6. Bf1 Bg4 7. h3 Bxf3 8. Qxf3 g6 9. c3 Bg7 10. d3 Nf6 11. Be3 Nd7 12. Nd2 b5 13. Qd1 O-O 14. Nf3 e5 15. Rc1 Rb8 16. d4 c4 17. b3 Na5 18. bxc4 Nxc4 19. Bxc4 bxc4 20. Qa4 Qc7 21. Nd2 Rfc8 22. d5 Rb5 23. Rb1 Ra5 24. Qc2 Rb5 25. a4 Rxb1 26. Rxb1 a5 27. Rb5 Bf8 28. Qb2 Qd8 29. Rb7 Nc5 30. Bxc5 Rxc5 31. Rb8 Qg5 32. Nf3 Qf4 33. Qb6 Qc1+ 34. Kh2 Qf4+ 35. Kh1 Qf6 36. Nxe5 Qxf2 37. Nf3 Qg3 38. Qd8 1-0

[Event "17.Città di Padova Open A"]
[Site "Padova"]
[Date "2014.12.19"]
[Round "7.19"]
[White "Damia, Angelo"]
[Black "De Santis, Alessio"]
[Result "1/2-1/2"]
[WhiteElo "2177"]
[BlackElo "2288"]
[Annotator "Gabriele Ballarin"]
[PlyCount "57"]
[EventDate "2014.12.14"]
[EventType "swiss"]
[EventRounds "9"]
[EventCountry "ITA"]

1. e4 b6 2. d4 Bb7 3. Bd3 Nf6 4. Qe2 Nc6 5. c3 e5 6. d5 Ne7 7. Be3 Ng6 8. Nh3 c6 9. c4 Bd6 10. Nc3 Qe7 11. O-O-O O-O-O $11 12. g3 Rhe8 13. Kb1 Kb8 14. Rhe1 Bb4 15. Bd2 d6 16. f3 Rc8 17. a3 Bxc3 18. Bxc3 Rc7 19. Nf2 Nf8 20. Rc1 Rec8 21. Nd1 N8d7 22. Ne3 Nc5 23. Bc2 cxd5 24. Nf5 Qf8 25. exd5 Ncd7 26. Bb4 Nc5 27. Bc3 Ncd7 28. Bb4 Nc5 29. Bc3 $11 1/2-1/2

[Event "17.Città di Padova Open A"]
[Site "Padova"]
[Date "2014.12.19"]
[Round "7.20"]
[White "Santolini, Luigi"]
[Black "Massironi, Marco"]
[Result "0-1"]
[WhiteElo "2117"]
[BlackElo "2236"]
[Annotator "Gabriele Ballarin"]
[PlyCount "96"]
[EventDate "2014.12.14"]
[EventType "swiss"]
[EventRounds "9"]
[EventCountry "ITA"]

1. d4 Nf6 2. c4 g6 3. Nc3 d5 4. cxd5 Nxd5 5. e4 Nxc3 6. bxc3 Bg7 7. Be3 c5 8. Qd2 Qa5 9. Nf3 O-O 10. Rc1 Rd8 11. d5 Nc6 12. Be2 e6 13. c4 Nb4 14. a3 Qxa3 15. Bxc5 Nc2+ 16. Rxc2 Qxc5 17. O-O Bd7 18. Rb1 b6 19. Ne1 Qd4 20. Qxd4 Bxd4 21. Nd3 exd5 22. exd5 Rac8 23. g4 a5 24. Kg2 Rc7 25. Ne1 Re8 26. Kg3 Kg7 27. h3 h5 28. Ng2 Bc5 29. Bd3 hxg4 30. hxg4 Rcc8 31. Kf3 Rh8 32. Nf4 Rh4 33. Rg1 Rch8 34. Be2 Rh2 35. Bd3 Rh1 36. Rxh1 Rxh1 37. Be2 Rg1 38. Nd3 Bxg4+ 39. Ke4 Bf5+ 40. Kf3 Rb1 41. Kg2 Rb3 42. Rd2 Bd6 43. f3 a4 44. Nc1 Rb1 45. Na2 a3 46. c5 bxc5 47. Kf2 Rb2 48. Ke1 Bg3+ 0-1

[Event "17.Città di Padova Open A"]
[Site "Padova"]
[Date "2014.12.19"]
[Round "7.21"]
[White "Pescatore, Lorenzo"]
[Black "Pacini, Ermanno"]
[Result "1/2-1/2"]
[WhiteElo "2234"]
[BlackElo "2059"]
[Annotator "Gabriele Ballarin"]
[PlyCount "49"]
[EventDate "2014.12.14"]
[EventType "swiss"]
[EventRounds "9"]
[EventCountry "ITA"]

1. e4 c5 2. Nc3 d6 3. f4 Nc6 4. Nf3 g6 5. Bb5 Bg7 6. O-O Nf6 7. d3 O-O 8. Bxc6 bxc6 9. Qe1 Ne8 10. f5 e6 11. fxg6 fxg6 12. Be3 e5 13. Qg3 Nf6 14. Ng5 Bb7 15. Qh4 h6 16. Nf3 Nh5 $11 17. Qe1 Nf4 18. Ne2 Qb6 19. Rb1 Qa6 20. Nc3 Rf6 21. b3 Raf8 22. Nd2 Qa5 23. Na4 Qd8 24. Rf2 h5 25. Nc4 $11 1/2-1/2

[Event "17.Città di Padova Open A"]
[Site "Padova"]
[Date "2014.12.19"]
[Round "7.22"]
[White "Movileanu, Daniela"]
[Black "Quaranta, Cristiano"]
[Result "1-0"]
[WhiteElo "2145"]
[BlackElo "2169"]
[Annotator "Gabriele Ballarin"]
[PlyCount "71"]
[EventDate "2014.12.14"]
[EventType "swiss"]
[EventRounds "9"]
[EventCountry "ITA"]

1. e4 c5 2. Nf3 e6 3. d4 cxd4 4. Nxd4 a6 5. c4 Nf6 6. Nc3 Bb4 7. Bd3 e5 8. Nc2 Bxc3+ 9. bxc3 d6 10. O-O h6 11. Ne3 O-O 12. Rb1 Qc7 13. Qf3 Nc6 14. Nf5 Bxf5 15. Qxf5 Ne7 16. Qf3 Nd7 17. Qg3 $11 Ng6 18. Be3 Nc5 19. Bc2 Rab8 20. Qg4 Qa5 21. Bb3 Qxc3 22. Rfd1 Qb4 23. Rxd6 Nxb3 24. Rb6 Qxc4 25. R1xb3 Qc7 26. h4 Kh8 27. g3 Rg8 28. Qf5 Nf8 29. Bxh6 g6 30. Qf6+ Kh7 31. Bxf8 Rgxf8 32. h5 Rg8 33. g4 Qc1+ 34. Kg2 Qf4 35. hxg6+ Rxg6 36. Rh3+ 1-0

[Event "17.Città di Padova Open A"]
[Site "Padova"]
[Date "2014.12.19"]
[Round "7.23"]
[White "Viaggi, Stefano"]
[Black "Bove, Alessandro"]
[Result "0-1"]
[WhiteElo "2058"]
[BlackElo "2326"]
[Annotator "Gabriele Ballarin"]
[PlyCount "84"]
[EventDate "2014.12.14"]
[EventType "swiss"]
[EventRounds "9"]
[EventCountry "ITA"]

1. c4 g6 2. Nc3 Bg7 3. g3 c5 4. Bg2 Nc6 5. e4 d6 6. Nge2 Bd7 7. d3 a6 8. a4 Rb8 9. O-O h5 10. f4 h4 11. f5 gxf5 12. exf5 Nf6 13. Nd5 hxg3 14. Nxg3 Nxd5 15. cxd5 Bd4+ 16. Kh1 Ne5 17. Ne4 Qc8 18. Ng5 Bxf5 19. Bf4 f6 20. Nf3 Bg4 21. Qd2 Bxf3 22. Rxf3 Nxf3 23. Bxf3 Qf5 24. Be4 Qh5 25. Rf1 Rg8 26. Qe1 Kd8 27. Qa5+ b6 28. Qe1 Kc7 29. Bf3 Qh7 30. Qe6 f5 31. Re1 Rg6 32. Qxe7+ Qxe7 33. Rxe7+ Kd8 34. Re1 Kd7 35. h4 Bf2 36. Re2 Bxh4 37. Rh2 Bf6 38. Bh5 Rg7 39. Bh6 Rg3 40. Bf7 Rh8 41. Be6+ Kc7 42. Bxf5 Bg7 0-1